000 01181nam a2200241Ia 4500
001 21926
003 GE_BSU
008 181216s||||||||xx |||||||||||||| ||und||
040 _cGE_BSU
080 _a81(479.22)(092):008(479.22)
100 _aდონდუა, კარპეზ.
245 _aრჩეული ნაშრომები:ტ1
245 _cშეადგინა, წინასიტყვ. და შენიშვნები დაურთო ალ. ღლონტმა
260 _aთბილისი
260 _bმეცნიერება
260 _c1967
300 _a403გვ;22სმ.
300 _b1 ფ. პორტრ.კ. დონდუას დაბეჭდილ ნაშრომთა სია გვ. 11-14. პირთა და საგანთა საძიებელი, გვ. 384-401. ტექსტის უმეტესი ნაწ. რუს. ენ.
541 _h4ლ.
653 _aრჩეული ნაშრომები:ტ1
653 _aქართველი ენათმეცნიერები. ქართული კულტურა.
942 _cBK
999 _c54857
_d54857